<?xml version="1.0" encoding="UTF-8"?>
<record
    xmlns:xsi="http://www.w3.org/2001/XMLSchema-instance"
    xsi:schemaLocation="http://www.loc.gov/MARC21/slim http://www.loc.gov/standards/marcxml/schema/MARC21slim.xsd"
    xmlns="http://www.loc.gov/MARC21/slim">

  <leader>01640nam2a22002771  4500</leader>
  <controlfield tag="001">v19\rc\1518698</controlfield>
  <controlfield tag="005">20250618171214.0</controlfield>
  <datafield tag="035" ind1=" " ind2=" ">
    <subfield code="a">(NLR Aleph) 004641795</subfield>
  </datafield>
  <datafield tag="090" ind1=" " ind2=" ">
    <subfield code="a">3304518</subfield>
    <subfield code="c">3304518</subfield>
  </datafield>
  <datafield tag="100" ind1=" " ind2=" ">
    <subfield code="a">20060620d1886    |||y0rusy50      ca</subfield>
  </datafield>
  <datafield tag="101" ind1="0" ind2=" ">
    <subfield code="a">rus</subfield>
  </datafield>
  <datafield tag="102" ind1=" " ind2=" ">
    <subfield code="a">RU</subfield>
  </datafield>
  <datafield tag="105" ind1=" " ind2=" ">
    <subfield code="a">a   z   |||||</subfield>
  </datafield>
  <datafield tag="200" ind1="1" ind2=" ">
    <subfield code="a">&#x412;&#x43E;&#x435;&#x43D;&#x43D;&#x44B;&#x435; &#x441;&#x43E;&#x43E;&#x431;&#x449;&#x435;&#x43D;&#x438;&#x44F;</subfield>
    <subfield code="a">&#x41B;&#x430;&#x433;&#x435;&#x440;&#x43D;&#x44B;&#x435; &#x43F;&#x43E;&#x441;&#x442;&#x440;&#x43E;&#x439;&#x43A;&#x438;</subfield>
    <subfield code="a">&#x421;&#x432;&#x435;&#x434;&#x435;&#x43D;&#x438;&#x44F; &#x43E;&#x431; &#x443;&#x441;&#x442;&#x440;&#x43E;&#x439;&#x441;&#x442;&#x432;&#x435;, &#x430;&#x442;&#x430;&#x43A;&#x435; &#x438; &#x43E;&#x431;&#x43E;&#x440;&#x43E;&#x43D;&#x435; &#x434;&#x43E;&#x43B;&#x433;&#x43E;&#x432;&#x440;&#x435;&#x43C;&#x435;&#x43D;&#x43D;&#x44B;&#x445; &#x443;&#x43A;&#x440;&#x435;&#x43F;&#x43B;&#x435;&#x43D;&#x438;&#x439;</subfield>
  </datafield>
  <datafield tag="210" ind1=" " ind2=" ">
    <subfield code="d">1886</subfield>
    <subfield code="a">&#x411;. &#x43C;.</subfield>
  </datafield>
  <datafield tag="215" ind1=" " ind2=" ">
    <subfield code="a">VIII, [2], 192 &#x441;., 4 &#x43B;. &#x447;&#x435;&#x440;&#x442;.</subfield>
    <subfield code="c">&#x447;&#x435;&#x440;&#x442;.</subfield>
  </datafield>
  <datafield tag="461" ind1=" " ind2="0">
    <subfield code="1">001v19\rc\1518696</subfield>
    <subfield code="1">2001#$a&#x41F;&#x43E;&#x43B;&#x435;&#x432;&#x43E;&#x435; &#x432;&#x43E;&#x435;&#x43D;&#x43D;&#x43E;-&#x438;&#x43D;&#x436;&#x435;&#x43D;&#x435;&#x440;&#x43D;&#x43E;&#x435; &#x438;&#x441;&#x43A;&#x443;&#x441;&#x441;&#x442;&#x432;&#x43E;$e(&#x440;&#x443;&#x43A;&#x43E;&#x432;&#x43E;&#x434;&#x441;&#x442;&#x432;&#x43E; &#x444;&#x43E;&#x440;&#x442;&#x438;&#x444;&#x438;&#x43A;&#x430;&#x446;&#x438;&#x438; &#x434;&#x43B;&#x44F; &#x44E;&#x43D;&#x43A;&#x435;&#x440;&#x441;&#x43A;&#x438;&#x445; &#x443;&#x447;-&#x449;)$f&#x441;&#x43E;&#x441;&#x442;. &#x432;&#x43E;&#x435;&#x43D;. &#x438;&#x43D;&#x436;.-&#x43F;&#x43E;&#x43B;&#x43A;. &#x410;. &#x41F;&#x43B;&#x44E;&#x446;&#x438;&#x43D;&#x441;&#x43A;&#x438;&#x439;$v&#x41A;&#x43D;. 2</subfield>
    <subfield code="1">700#1$3RU\NLR\AUTH\7785747$7ca$a&#x41F;&#x43B;&#x44E;&#x446;&#x438;&#x43D;&#x441;&#x43A;&#x438;&#x439;$b&#x410;. &#x424;.$f1844-1900$g&#x410;&#x43B;&#x435;&#x43A;&#x441;&#x430;&#x43D;&#x434;&#x440; &#x424;&#x435;&#x434;&#x43E;&#x440;&#x43E;&#x432;&#x438;&#x447;$4220</subfield>
    <subfield code="9">5632363</subfield>
    <subfield code="a">&#x41F;&#x43B;&#x44E;&#x446;&#x438;&#x43D;&#x441;&#x43A;&#x438;&#x439;, &#x410;. &#x424;. (1844-1900)</subfield>
    <subfield code="c">&#x421;.-&#x41F;&#x435;&#x442;&#x435;&#x440;&#x431;&#x443;&#x440;&#x433;</subfield>
    <subfield code="d">1885-1886</subfield>
    <subfield code="e">&#x41D;&#x43E;&#x432;&#x43E;&#x435; (3-&#x435;) &#x438;&#x437;&#x434;.</subfield>
    <subfield code="f">&#x441;&#x43E;&#x441;&#x442;. &#x432;&#x43E;&#x435;&#x43D;. &#x438;&#x43D;&#x436;.-&#x43F;&#x43E;&#x43B;&#x43A;. &#x410;. &#x41F;&#x43B;&#x44E;&#x446;&#x438;&#x43D;&#x441;&#x43A;&#x438;&#x439;</subfield>
    <subfield code="n">&#x422;&#x438;&#x43F;&#x43E;&#x433;&#x440;&#x430;&#x444;&#x438;&#x44F; &#x41C;.&#x41C;. &#x421;&#x442;&#x430;&#x441;&#x44E;&#x43B;&#x435;&#x432;&#x438;&#x447;&#x430;</subfield>
    <subfield code="o">(&#x440;&#x443;&#x43A;&#x43E;&#x432;&#x43E;&#x434;&#x441;&#x442;&#x432;&#x43E; &#x444;&#x43E;&#x440;&#x442;&#x438;&#x444;&#x438;&#x43A;&#x430;&#x446;&#x438;&#x438; &#x434;&#x43B;&#x44F; &#x44E;&#x43D;&#x43A;&#x435;&#x440;&#x441;&#x43A;&#x438;&#x445; &#x443;&#x447;-&#x449;)</subfield>
    <subfield code="t">&#x41F;&#x43E;&#x43B;&#x435;&#x432;&#x43E;&#x435; &#x432;&#x43E;&#x435;&#x43D;&#x43D;&#x43E;-&#x438;&#x43D;&#x436;&#x435;&#x43D;&#x435;&#x440;&#x43D;&#x43E;&#x435; &#x438;&#x441;&#x43A;&#x443;&#x441;&#x441;&#x442;&#x432;&#x43E;</subfield>
    <subfield code="v">&#x41A;&#x43D;. 2</subfield>
  </datafield>
  <datafield tag="801" ind1=" " ind2="0">
    <subfield code="a">RU</subfield>
    <subfield code="b">NLR</subfield>
    <subfield code="g">psbo</subfield>
  </datafield>
  <datafield tag="801" ind1=" " ind2="0">
    <subfield code="a">RU</subfield>
    <subfield code="b">RuMoRGB</subfield>
    <subfield code="2">psbo</subfield>
  </datafield>
  <datafield tag="801" ind1=" " ind2="1">
    <subfield code="a">RU</subfield>
    <subfield code="b">ProSoft-M</subfield>
    <subfield code="2">rusmarc</subfield>
  </datafield>
  <datafield tag="852" ind1=" " ind2=" ">
    <subfield code="a">NLR</subfield>
    <subfield code="j">18.206.7.7</subfield>
  </datafield>
  <datafield tag="899" ind1=" " ind2=" ">
    <subfield code="a">RuMoRGB</subfield>
    <subfield code="j">T 23/513</subfield>
  </datafield>
  <datafield tag="899" ind1=" " ind2=" ">
    <subfield code="a">RuMoRGB</subfield>
    <subfield code="j">&#x394; 346/33</subfield>
  </datafield>
  <datafield tag="899" ind1=" " ind2=" ">
    <subfield code="a">RuMoRGB</subfield>
    <subfield code="j">&#x394; 57/108</subfield>
  </datafield>
  <datafield tag="942" ind1=" " ind2=" ">
    <subfield code="c">BOOK</subfield>
  </datafield>
  <datafield tag="980" ind1=" " ind2=" ">
    <subfield code="a">NB</subfield>
  </datafield>
  <datafield tag="995" ind1=" " ind2=" ">
    <subfield code="5">2013-10-26</subfield>
    <subfield code="b">NLR02</subfield>
    <subfield code="c">NLR02</subfield>
    <subfield code="e">RFS</subfield>
    <subfield code="f">4641795-10</subfield>
    <subfield code="k">18.206.7.7</subfield>
    <subfield code="o">0</subfield>
    <subfield code="r">BOOK</subfield>
    <subfield code="s">1820677_</subfield>
  </datafield>
</record>
